00270nam a2200097Ia 4500008004100000100002000041245004300061260004200104260000900146999001700155170620s9999 xx 000 0 und d aBabu- B. Prasad 0aBehavioral Problems of School Children bNew Delhi- Discovery Publishing House c2005 c24635d24635